01407nam a2200409 a 450000100060000000300080000600500170001400600190003100700150005000800410006502000180010603500230012403500240014703500250017103500210019604000260021705000240024308000110026708200140027810000380029224501150033026000670044530000110051253301640052365000190068765000290070665000300073565000250076565000180079065000250080865300160083365300130084965300270086265500270088971000190091685600620093548108FlNmELB20241216231924.0m o d | cr cn|||||||||201105r2003 sp |||||s|||||||||||spa d z9788484542551 a(MiAaPQ)EBC3193480 a(Au-PeEL)EBL3193480 a(CaPaEBR)ebr10467029 a(OCoLC)929271809 aFlNmELBbspacFlNmELB 4aHC79.I57bT176 2003 a330.4404a338.92221 aTarancón Morán, Miguel Angel.10aTécnicas de ánalisis económico input-outputh[recurso electronico] /cMiguel Ángel Taráncon Morán. aSan Vicente (Alicante) :bEditorial Club Universitario,c2003. a269 p. aRecurso electrónico. Santa Fe, Arg.: e-libro, 2015. Disponible vía World Wide Web. El acceso puede estar limitado para las bibliotecas afiliadas a e-libro. 0aEconometría. 0aAnálisis input-output. 0aIndicadores económicos. 0aInput-output tables. 0aEconometrics. 0aEconomic indicators. aEconometria aAnalisis aIndicadores economicos 4aLibros electrónicos.2 ae-libro, Corp.40uhttps://elibro.net/ereader/politecnicointernacional/55030